<La> prospective: une indiscipline intellectuelle.
Hlavné smery futurológie. Postindustriálny smer medzi optimizmom a pesimizmom. Neomaltuziánsky smer. Dlhé cykly a krízy prinášajúce nádej. Rozdvojovanie a determinovaný, ale plodný chaos. Buriči a preraďovatelia nositeľov zmien. Futorológia a stratégia: nevyhnutné stretnutie. Východisko futurológie....
Gespeichert in:
| 1. Verfasser: | |
|---|---|
| Format: | Buchkapitel |
| Sprache: | Französisch |
| Schlagworte: | |
| Tags: |
Keine Tags, Fügen Sie das erste Tag hinzu!
|
MARC
| LEADER | 00000naa a2200000 4500 | ||
|---|---|---|---|
| 001 | r009349 | ||
| 005 | 20220913125159.9 | ||
| 041 | 0 | |a fre | |
| 044 | |a FR | ||
| 245 | 1 | 0 | |a <La> prospective: une indiscipline intellectuelle. |c M. Godet |
| 520 | |a Hlavné smery futurológie. Postindustriálny smer medzi optimizmom a pesimizmom. Neomaltuziánsky smer. Dlhé cykly a krízy prinášajúce nádej. Rozdvojovanie a determinovaný, ale plodný chaos. Buriči a preraďovatelia nositeľov zmien. Futorológia a stratégia: nevyhnutné stretnutie. Východisko futurológie. Otáznik nad plánovaním. Návrat k plánovaniu. (Economie apliquée 1991, č.4). | ||
| 610 | 2 | 0 | |a futurológia |
| 610 | 2 | 0 | |a neomalthuzianizmus |
| 610 | 2 | 0 | |a cykly hospodárske |
| 610 | 2 | 0 | |a kríza |
| 610 | 2 | 0 | |a stratégia hospodárska |
| 610 | 2 | 0 | |a plánovanie |
| 610 | 2 | 0 | |a spoločnosť postindustriálna |
| 100 | 1 | |a Godet, M. | |